John the Baptist : (Record no. 8547)

MARC details
000 -LEADER
fixed length control field 01527nam a22002057a 4500
003 - CONTROL NUMBER IDENTIFIER
control field GBCCL
005 - DATE AND TIME OF LATEST TRANSACTION
control field 20241126110653.0
008 - FIXED-LENGTH DATA ELEMENTS--GENERAL INFORMATION
fixed length control field 210405b ||||| |||| 00| 0 eng d
020 ## - INTERNATIONAL STANDARD BOOK NUMBER
International Standard Book Number 0814659330
020 ## - INTERNATIONAL STANDARD BOOK NUMBER
International Standard Book Number 9780814659335
040 ## - CATALOGING SOURCE
Transcribing agency GBC
082 ## - DEWEY DECIMAL CLASSIFICATION NUMBER
Classification number 232.94
Item number MUR
100 ## - MAIN ENTRY--PERSONAL NAME
Personal name Murphy, Catherine M.
Dates associated with a name 1961-
9 (RLIN) 15052
245 ## - TITLE STATEMENT
Title John the Baptist :
Remainder of title prophet of purity for a new age
260 ## - PUBLICATION, DISTRIBUTION, ETC.
Place of publication, distribution, etc. Collegeville, Minn. :
Name of publisher, distributor, etc. Liturgical Press,
Date of publication, distribution, etc. ©2003
300 ## - PHYSICAL DESCRIPTION
Extent xviii, 185 pages
Dimensions 23cm.
505 ## - FORMATTED CONTENTS NOTE
Formatted contents note Will the Real Baptist Please Stand Up? --<br/>Reading the Evidence: The Sources for John the Baptist --<br/>The "Game Rules" for Reconstructing History from Ancient Witnesses --<br/>Redaction Criticism: How and Why Authors Shape Their Stories --<br/>The Synoptic Problem in the Account of the Baptism of Jesus --<br/>A Solution to the Synoptic Problem: The Two-Source Hypothesis --<br/>Redaction Criticism --<br/>Baptist Vignettes in the Gospels: A Redaction-Critical Approach --<br/>Fifteen Vignettes --<br/>Some Redaction-Critical Results --<br/>The Historical Baptist --<br/>Another Angle on the Baptist Movement: Social-Scientific Criticism --<br/>Definition, Scope, and Methods --<br/>An Initial Exercise: A Map for Designing a Social-Scientific Inquiry --<br/>An Inductive Exercise: From Text to Hypothesis --<br/>Purification Movements in First-Century C.E. Judea --<br/>A Deductive Exercise: From Model (Purity and Pollution) to Text --<br/>An Inductive Exercise: First-Century Jewish Purification Movements.
650 ## - SUBJECT ADDED ENTRY--TOPICAL TERM
Topical term or geographic name entry element John,
Form subdivision the Baptist, Saint.
9 (RLIN) 15053
942 ## - ADDED ENTRY ELEMENTS (KOHA)
Source of classification or shelving scheme Dewey Decimal Classification
Koha item type Books
Holdings
Withdrawn status Lost status Source of classification or shelving scheme Damaged status Not for loan Home library Current Library Shelving location Date acquired Total checkouts Full call number Barcode Date last seen Copy number Price effective from Koha item type
    Dewey Decimal Classification     GRACE BIBLE COLLEGE GRACE BIBLE COLLEGE Theology 2021-04-05   232.94 MUR 020189 2025-05-01 c.1 2021-04-05 Books
    Dewey Decimal Classification     GRACE BIBLE COLLEGE GRACE BIBLE COLLEGE Theology 2023-09-18   232.94 MUR 020535 2025-05-01 c.2 2023-09-18 Books
© Grace Bible College Library 2025